000 00758nam a2200205Ia 4500
005 20251020182540.0
008 200515s9999 xx 000 0 und d
082 _a728.84/A45
100 _aALVARIÑO GUZMAN, Miguel BURGA BARTRA, Jorge
245 0 _aLa quinta, una formulación urbanística peruana
260 _aLima
260 _c1990
300 _a122
500 _a1 ejemplar
520 _aDescriben, de norte a sur, los tipos de viviendas predominantes en el medio rural y urbano de las provincias costeñas y encuentran y registran las características comunes de las viviendas y su grado de homogeneidad en los distintos espacios geograf. recor
650 _aLIB
650 _aPUB ININVI
650 _aVIVIENDAS DE BAJO COSTO
942 _cLIB
999 _c2376
_d2376